Economics principles and policy

שמור ב:
מידע ביבליוגרפי
מחבר ראשי: Baumol, William J.
מחברים אחרים: Blinder, Alan S.
פורמט: ספר
שפה:English
יצא לאור: Mason, OH Thomson South-Western 2006
סדרה:International student ed.
נושאים:
תגים: הוספת תג
אין תגיות, היה/י הראשונ/ה לתייג את הרשומה!
Thư viện lưu trữ: Trung tâm Học liệu Lê Vũ Hùng, Trường Đại học Đồng Tháp
LEADER 00735pam a22002298a 4500
001 00023853
005 20171026081022.0
008 110630s2006 ||||||engsd
020 # # |a 0324323433 
041 0 # |a eng 
082 1 4 |a 330  |b E200C 
100 1 # |a Baumol, William J. 
245 1 0 |a Economics  |b principles and policy  |c William J. Baumol, Alan S. Blinder 
260 # # |a Mason, OH  |b Thomson South-Western  |c 2006 
300 # # |a xxxiii,796 p.  |b ill.  |c 28 cm 
490 # # |a International student ed. 
650 # 4 |a Kinh tế học 
700 1 # |a Blinder, Alan S. 
852 # # |b Kho đọc  |j KD.0008027 
852 # # |j KD.0008027 
910 0 # |a ntuyet  |d 30/06/2011 
980 # # |a Trung tâm Học liệu Lê Vũ Hùng, Trường Đại học Đồng Tháp